| 000 | 00424nam a22001577a 4500 | ||
|---|---|---|---|
| 008 | 210824b |||||||| |||| 00| 0 eng d | ||
| 020 | _a8171419357 | ||
| 050 |
_aQA278 _b.S53 2005 |
||
| 100 | _aSharma, A.K. | ||
| 245 |
_aTextbook of Correlations and Regression _cA. K. Sharma |
||
| 260 |
_aNew Delhi _bDPH _c2005 |
||
| 300 | _a204p. | ||
| 650 | _aRegression analysis | ||
| 650 | _aCorrelation analysis | ||
| 942 |
_2lcc _cBK |
||
| 999 |
_c19022 _d19022 |
||